h1

h2

h3

h4

h5
h6
000128705 001__ 128705
000128705 005__ 20260304165735.0
000128705 0247_ $$2HSB$$a999910120517
000128705 0247_ $$2ISBN$$a978-3-932182-74-x
000128705 037__ $$aRWTH-CONV-198764
000128705 041__ $$aGerman
000128705 1001_ $$0P:(DE-82)172354$$aRadespiel, Rolf$$b0
000128705 1112_ $$aDeutscher Luft- und Raumfahrtkongress 2011$$cBremen$$d2011-09-27 - 2011-09-29$$wGermany
000128705 245__ $$aSFB-Transregio 40: Heckströmungen$$hdata medium
000128705 260__ $$aBonn$$bDGLR$$c2011
000128705 29510 $$aTagungsband, Manuskripte / Deutscher Luft- und Raumfahrtkongress 2011 : Bremen, 27. bis 29. September 2011
000128705 3367_ $$0PUB:(DE-HGF)8$$2PUB:(DE-HGF)$$aContribution to a conference proceedings$$bcontrib$$mcontrib
000128705 3367_ $$033$$2EndNote$$aConference Paper
000128705 3367_ $$2ORCID$$aCONFERENCE_PAPER
000128705 3367_ $$2DataCite$$aOutput Types/Conference Paper
000128705 3367_ $$2DRIVER$$aconferenceObject
000128705 3367_ $$2BibTeX$$aINPROCEEDINGS
000128705 3367_ $$0PUB:(DE-HGF)7$$2PUB:(DE-HGF)$$aContribution to a book
000128705 500__ $$a1 CD-ROM
000128705 653_7 $$2ger$$aHeckströmung
000128705 653_7 $$2ger$$aRezirkulation
000128705 653_7 $$2ger$$aRaketenantrieb
000128705 653_7 $$2ger$$aFluiddynamik
000128705 7001_ $$0P:(DE-82)172355$$aGlatzer, Christian$$b1
000128705 7001_ $$0P:(DE-82)140882$$aHannemann, Volker$$b2
000128705 7001_ $$0P:(DE-82)172356$$aSaile, Dominik$$b3
000128705 7001_ $$0P:(DE-82)172357$$aScharnowski, Sven$$b4
000128705 7001_ $$0P:(DE-82)172358$$aWindte, Jan$$b5
000128705 7001_ $$0P:(DE-82)022497$$aWolf, Claus Christian$$b6
000128705 7001_ $$0P:(DE-82)140880$$aYou, Yancheng$$b7
000128705 909CO $$ooai:publications.rwth-aachen.de:128705$$pVDB
000128705 9201_ $$0I:(DE-82)415110_20140620$$k415110$$lLehrstuhl für Strömungslehre und Aerodynamisches Institut$$x0
000128705 9201_ $$0I:(DE-82)415310_20140620$$k415310$$lLehrstuhl und Institut für Luft- und Raumfahrtsysteme (ILR)$$x1
000128705 961__ $$c2013-10-14$$x2011-12-28$$z2012-02-20
000128705 970__ $$ahsb999910120517
000128705 980__ $$acontrib
000128705 980__ $$aI:(DE-82)415110_20140620
000128705 980__ $$aI:(DE-82)415310_20140620
000128705 980__ $$aVDB
000128705 980__ $$aUNRESTRICTED
000128705 980__ $$aConvertedRecord
000128705 980__ $$acontb